| 000 | 00350nam a2200145Ia 4500 | ||
|---|---|---|---|
| 008 | 230312s9999||||xx |||||||||||||| ||und|| | ||
| 020 | _a84-9936-228-1 | ||
| 082 |
_a747 _bSCH-E |
||
| 100 | _aSchleifer;Simone | ||
| 245 | 0 | _aExclusive interiors | |
| 260 |
_bLOFT _aChina _c2011 |
||
| 300 | _a599 | ||
| 650 |
_aArchitecture _vArchitecture |
||
| 942 | _cBK | ||
| 999 |
_c12744 _d12744 |
||